Σχολικά εγχειρίδια βαλκανικών χωρών : πρακτικά ημερίδας (17 Μαίου 1994)

Αποθηκεύτηκε σε:
Λεπτομέρειες βιβλιογραφικής εγγραφής
Συλλογικό Έργο: Αριστοτέλειο Πανεπιστήμιο Θεσσαλονίκης Φιλοσοφική Σχολή Τομέας Παιδαγωγικής Μονάδα Ερευνας Σχολικού Βιβλίου, Σχολικά εγχειρίδια βαλκανικών χωρών
Μορφή: Πρακτικό Συνεδρίου Βιβλίο
Γλώσσα:Greek
Δημοσίευση: Θεσσαλονίκη : Αδελφοί Κυριακίδη, 1995
Θέματα:
Ετικέτες: Προσθήκη ετικέτας
Δεν υπάρχουν, Καταχωρήστε ετικέτα πρώτοι!

MARC

LEADER 00000nam a2200000 i 4500
001 1/10825
008 000906s1995 gre d
020 |a 960-343-300-4 
035 |l 10063594 
040 |a GR-MY-UA  |b gre  |e aacr 
041 0 |a gre 
082 0 |a 371.32 
245 1 0 |a Σχολικά εγχειρίδια βαλκανικών χωρών :  |b πρακτικά ημερίδας (17 Μαίου 1994) /  |c Αριστοτέλειο Πανεπιστήμιο Θεσσαλονίκης. Φιλοσοφική Σχολή. Τομέας Παιδαγωγικής. Μονάδα Ερευνας Σχολικού Βιβλίου 
260 |a Θεσσαλονίκη :   |b Αδελφοί Κυριακίδη,   |c 1995 
300 |a 162 σ.;  |c 24 cm 
650 0 0 |a Textbooks  |z Balkan Peninsula. 
650 0 0 |a Education  |z Balkan Peninsula. 
710 2 |a Αριστοτέλειο Πανεπιστήμιο Θεσσαλονίκης  |b Φιλοσοφική Σχολή  |b Τομέας Παιδαγωγικής  |b Μονάδα Ερευνας Σχολικού Βιβλίου. 
711 2 |a Σχολικά εγχειρίδια βαλκανικών χωρών  |d (1994 :  |c Θεσσαλονίκη) 
852 |a INST  |b RHODES  |e 20000906  |h 371.32 ΣΧΟ  |p 005400005865  |q 005400005865  |t BK  |y 0 
901 |a BIBL4-2000-2 
909 |a Ρ  |b 051772 
922 |a 4ΕΛΗ  |b 199711  |c ΒΙΤΣΙΛΑΚΗ  |d EMVASIS 
970 |z 2000/09/ΧΡΥΣΑΝΘΗ